Cambio estructural, inserción internacional y heterogeneidad creciente en la industria manufacturera argentina (Registro nro. 18235)
[ vista simple ]
| 000 -LEADER | |
|---|---|
| fixed length control field | 00396 a2200109 4500 |
| 001 - CONTROL NUMBER | |
| control field | ART_15583 |
| 005 - DATE AND TIME OF LATEST TRANSACTION | |
| control field | 20260410161735.0 |
| 008 - FIXED-LENGTH DATA ELEMENTS--GENERAL INFORMATION | |
| fixed length control field | 260409a |
| 100 1# - MAIN ENTRY--PERSONAL NAME | |
| Personal name | Katz, Jorge M. |
| 245 10 - TITLE STATEMENT | |
| Title | Cambio estructural, inserción internacional y heterogeneidad creciente en la industria manufacturera argentina |
| 773 0# - HOST ITEM ENTRY | |
| Title | Ejecutivos de finanzas |
| Related parts | - Año 6, Nº 50 (oct. 1988) |
| Record control number | REV2863 |
No hay ítems disponibles.